História veterinárskeho školstva

Bibliographic Details
Main Authors: Jantošovič, Ján, 1929- (Author), Kozák, Marián, 1946-2016 (Author), Slosiarik, Jaroslav (Author), Pokorný, Jozef, 1955- (Author), Vrabec, Vladimír (Author)
Format: Book
Language:Slovak
Published: Košice Inštitút vzdelávania veterinárnych lekárov 2006
Edition:[1. vyd.]
Subjects:

MARC

LEADER 00000nam a2200000 a 4500
001 vtls008946886
003 SK-MaSNL
005 20260302075631.0
008 180228s2006 xo o f 000 0dslo
015 |a SNBA2007/04-01478 
020 |a 8089280072  |q (brož.) 
035 |a 3726C0DF-FFA6-48E2-9907-584FFACBB6CC 
035 |a urn:nbn:sk:snk-amk79l 
035 |a urn:nbn:sk:snk-am008jc1 
040 |a SNK  |b slo  |c SNK  |e AACR2 
041 0 |a slo 
044 |a xo  |c SK 
072 7 |a 636.09  |x Veterinárna medicína  |2 konspekt 
072 7 |a 378  |x Vysoké školy  |2 konspekt 
080 |a 636.09  |2 2001 
080 |a 378  |2 2001 
080 |a (091)  |2 2001 
245 0 0 |a História veterinárskeho školstva  |c J. Jantošovič ... [et al.] 
250 |a [1. vyd.] 
260 |a Košice  |b Inštitút vzdelávania veterinárnych lekárov  |c 2006 
300 |a 34 s.  |b fotogr.  |c 21 cm 
500 |a Biogr. údaje 
650 0 7 |a veterinárna medicína  |2 SNKPH  |9 1148 
650 0 7 |a vysoké školy  |2 SNKPH  |9 1277 
700 1 |a Jantošovič, Ján,  |d 1929-  |4 aut  |9 196331 
700 1 |a Kozák, Marián,  |d 1946-2016  |4 aut  |9 196330 
700 1 |a Slosiarik, Jaroslav  |4 aut  |9 742745 
700 1 |a Pokorný, Jozef,  |d 1955-  |4 aut  |9 113484 
700 1 |a Vrabec, Vladimír  |4 aut  |9 47683 
919 |a 80-89280-07-2 
958 |a OND 
968 |d 63 
999 |c 1169986  |d 1171916 
952 |a SNK  |b SNK  |y PREZ  |7 0  |p 17A0541216  |o snkSC 126734  |i snk2007/4475  |8 0  |0 0  |1 0  |4 0  |d 2007-02-19  |f 1  |l 0  |r 2025-06-16 00:00:00  |w 2026-02-24 
952 |a SNK  |b SNK  |y VYP  |7 0  |p 17A0541217  |o snkSC 126734 D1  |i snk2007/4477  |8 0  |0 0  |1 0  |4 0  |d 2007-02-19  |l 0  |r 2026-02-24 21:00:58  |w 2026-02-24